From Old Spice to the Texas Law Hawk: How Inbound Marketing, Content Leadership and Social Media Can Level the Playing Field for Solo Practitioners (Record no. 307642)
[ view plain ]
| 000 -LEADER | |
|---|---|
| fixed length control field | 00508nam a2200109Ia 4500 |
| 008 - FIXED-LENGTH DATA ELEMENTS--GENERAL INFORMATION | |
| fixed length control field | 170221s9999 xx 000 0 und d |
| 100 ## - MAIN ENTRY--PERSONAL NAME | |
| Personal name | J. Mark Phillips |
| 245 ## - TITLE STATEMENT | |
| Title | From Old Spice to the Texas Law Hawk: How Inbound Marketing, Content Leadership and Social Media Can Level the Playing Field for Solo Practitioners |
| 245 ## - TITLE STATEMENT | |
| Statement of responsibility, etc | J. Mark Phillips, Kyle A. Huggins, and Lora Mitchell Harding |
| 650 ## - SUBJECT ADDED ENTRY--TOPICAL TERM | |
| General subdivision | Business |
| 856 ## - ELECTRONIC LOCATION AND ACCESS | |
| Uniform Resource Identifier | <a href="http://digitalcommons.pepperdine.edu/cgi/viewcontent.cgi?article=1149&context=jbel">http://digitalcommons.pepperdine.edu/cgi/viewcontent.cgi?article=1149&context=jbel</a> |
| Withdrawn status | Lost status | Damaged status | Home library | Current library | Date acquired | Total Checkouts | Date last seen | Price effective from | Koha item type |
|---|---|---|---|---|---|---|---|---|---|
| College Library | College Library | 02/21/2017 | 02/21/2017 | 02/21/2017 | Foreign e-journal articles |